[Event "ICS rated blitz match"]
[Site "204.178.125.65"]
[Date "2001.07.28"]
[Round "?"]
[White "Hossa"]
[Black "cfd"]
[Result "1-0"]
[WhiteElo "2536"]
[BlackElo "2191"]
[PlyCount "111"]
[EventDate "2001.??.??"]

1. e4 d6 2. d4 e5 3. dxe5 dxe5 4. Qxd8+ Kxd8 5. Nf3 Bd6 6. Bc4 Be6 7. Bxe6 fxe6
8. Ng5 Ke7 9. O-O Nf6 10. Nd2 Nc6 11. c3 h6 12. Ngf3 g5 13. b4 Rag8 14. Bb2 h5
15. b5 Na5 16. Rfd1 h4 17. c4 Nd7 18. Bc3 b6 19. Bxa5 bxa5 20. h3 g4 21. hxg4
Rxg4 22. Nh2 Rg7 23. Kf1 Bc5 24. Nb3 Bb6 25. Nf3 a4 26. Nc1 Nc5 27. Nd3 Nxe4
28. Rac1 Bd4 29. Nfxe5 Bxe5 30. Nxe5 Kf6 31. Rd7 Rxd7 32. Nxd7+ Kf5 33. f3 Nd6
34. Kf2 h3 35. g4+ Kf4 36. Nc5 h2 37. Rh1 Ke5 38. Kg3 Nxc4 39. Rxh2 Rxh2 40.
Kxh2 Kd5 41. Na6 Kd6 42. g5 Ne5 43. Kg3 Ng6 44. Kg4 e5 45. a3 Nf4 46. Kf5 Nd5
47. g6 Ne7+ 48. Kf6 Nxg6 49. Kxg6 Kd5 50. Nxc7+ Kc4 51. Kf6 Kb3 52. Kxe5 Kxa3
53. f4 Kb3 54. b6 a3 55. bxa7 a2 56. a8=Q {cfd resigns} 1-0

[Event "ICS rated blitz match"]
[Site "204.178.125.65"]
[Date "2001.07.28"]
[Round "?"]
[White "Hossa"]
[Black "Evol"]
[Result "1-0"]
[WhiteElo "2540"]
[BlackElo "2027"]
[PlyCount "95"]
[EventDate "2001.??.??"]

1. e4 e5 2. Nf3 Nc6 3. Bb5 Nf6 4. Qe2 d6 5. d4 exd4 6. e5 Ng4 7. Nxd4 Ngxe5 8.
Nxc6 bxc6 9. Bxc6+ Bd7 10. Bxa8 Qxa8 11. O-O Be7 12. Re1 O-O 13. Bf4 Ng6 14.
Be3 Bf6 15. Nc3 Re8 16. Qh5 Be6 17. Bd2 Qc6 18. Qb5 Qa8 19. Nd5 Qd8 20. Nxf6+
gxf6 21. Qh5 Qd7 22. Bc3 Qe7 23. Qh6 Qf8 24. Qxf8+ Kxf8 25. Bxf6 Kg8 26. Re3
Kf8 27. Ra3 Ra8 28. Re1 Kg8 29. g3 Kf8 30. Rae3 Re8 31. f4 Bd7 32. Rxe8+ Bxe8
33. f5 Ne5 34. Bxe5 dxe5 35. Rxe5 f6 36. Ra5 a6 37. Rxa6 c6 38. Ra7 h5 39. Rc7
Kg8 40. a4 Kf8 41. a5 c5 42. a6 Bb5 43. a7 Be8 44. a8=Q c4 45. Rc8 Ke7 46. Qe4+
Kf7 47. Qxe8+ Kg7 48. Qg6# {Evol checkmated} 1-0

[Event "ICS rated blitz match"]
[Site "204.178.125.65"]
[Date "2001.07.28"]
[Round "?"]
[White "Evol"]
[Black "Hossa"]
[Result "0-1"]
[WhiteElo "2025"]
[BlackElo "2542"]
[PlyCount "46"]
[EventDate "2001.??.??"]

1. e4 e6 2. d4 d5 3. Nd2 dxe4 4. Nxe4 Nd7 5. Bd3 Ngf6 6. Nf3 Nxe4 7. Bxe4 Nf6
8. Bd3 Bd6 9. O-O O-O 10. Bg5 h6 11. Bh4 b6 12. c4 g5 13. Bg3 Bxg3 14. hxg3 Bb7
15. Ne5 Qd6 16. f4 Qxd4+ 17. Kh2 Qxb2 18. Bc2 gxf4 19. gxf4 Rfd8 20. Qe2 Be4
21. Nd3 Qc3 22. Rad1 Qxc4 23. Qe3 Ng4+ {Evol resigns} 0-1

[Event "ICS rated blitz match"]
[Site "204.178.125.65"]
[Date "2001.07.28"]
[Round "?"]
[White "NewHal9000"]
[Black "Hossa"]
[Result "1/2-1/2"]
[WhiteElo "2829"]
[BlackElo "2536"]
[PlyCount "244"]
[EventDate "2001.??.??"]

1. c4 c5 2. Nf3 Nc6 3. Nc3 e6 4. e3 Nf6 5. d4 cxd4 6. exd4 d5 7. a3 Be7 8. Bd3
dxc4 9. Bxc4 O-O 10. O-O Bd7 11. Bf4 Na5 12. Ba2 Rc8 13. Qd3 Nc6 14. b4 Nh5 15.
Bb1 f5 16. Be3 Qc7 17. d5 Nxb4 18. axb4 Qxc3 19. Qxc3 Rxc3 20. Rxa7 Re8 21.
Rxb7 Bc8 22. Rb8 exd5 23. Bxf5 Nf6 24. Bd4 Rxf3 25. Bxc8 Rf4 26. Bxf6 Rxf6 27.
Be6+ Kf8 28. Rxe8+ Kxe8 29. Bxd5 Bxb4 30. Be4 g6 31. Rc1 Kd7 32. Kf1 Kd6 33. f3
Rf7 34. Rd1+ Ke5 35. Rd5+ Kf6 36. Rb5 Bd6 37. g3 Ra7 38. Kg2 Ra2+ 39. Kh3 Re2
40. Bd5 g5 41. Rb6 Ke5 42. Bg8 Rf2 43. Bxh7 Rxf3 44. Rb5+ Kf6 45. Kg4 Rf2 46.
Rb6 Ke7 47. h4 gxh4 48. gxh4 Rg2+ 49. Kf5 Rf2+ 50. Kg5 Rg2+ 51. Kh5 Bc5 52.
Rb7+ Kf6 53. Rb3 Bf2 54. Rf3+ Kg7 55. Bf5 Bxh4 56. Kxh4 Rg1 57. Be4 Re1 58. Rf4
Rg1 59. Kh5 Re1 60. Kg5 Rd1 61. Kf5 Re1 62. Rf2 Rd1 63. Ke5 Re1 64. Rh2 Rf1 65.
Rh7+ Kg8 66. Rc7 Re1 67. Kd5 Rf1 68. Ra7 Re1 69. Bf3 Rf1 70. Bg4 Rg1 71. Bf5
Rh1 72. Ke5 Rh6 73. Be6+ Kf8 74. Rf7+ Kg8 75. Bd5 Rg6 76. Bc4 Rh6 77. Be6 Rg6
78. Bd5 Rh6 79. Bc4 Rg6 80. Bb3 Rh6 81. Ba2 Rg6 82. Kd4 Rh6 83. Bd5 Rg6 84. Kc5
Rh6 85. Kc4 Rg6 86. Kd4 Rh6 87. Kc5 Rg6 88. Kc4 Rh6 89. Kd3 Rg6 90. Ke4 Rh6 91.
Bc4 Rg6 92. Kd4 Rh6 93. Bb3 Rd6+ 94. Kc5 Rh6 95. Bc4 Rg6 96. Ba2 Rh6 97. Kd4
Rd6+ 98. Ke4 Rh6 99. Bd5 Rg6 100. Ke3 Rh6 101. Bc4 Rg6 102. Bb3 Rh6 103. Rc7+
Kf8 104. Be6 Rxe6+ 105. Kd4 Rf6 106. Ke5 Rg6 107. Rb7 Rh6 108. Ra7 Rh5+ 109.
Kf6 Rh6+ 110. Kf5 Rh4 111. Ke6 Rh3 112. Rf7+ Kg8 113. Rb7 Rh2 114. Kf5 Rh1 115.
Kg4 Rg1+ 116. Kf3 Rh1 117. Kg2 Re1 118. Kf3 Rf1+ 119. Kg2 Re1 120. Kh3 Rd1 121.
Kg4 Re1 122. Kf3 Rf1+ {Game drawn by mutual agreement} 1/2-1/2

[Event "ICS Rated blitz match"]
[Site "204.178.125.65"]
[Date "2001.07.28"]
[Round "?"]
[White "Hossa"]
[Black "rbnn"]
[Result "1-0"]
[WhiteElo "2547"]
[BlackElo "2079"]
[PlyCount "121"]
[EventDate "2001.??.??"]

1. e4 d6 2. d4 Nf6 3. Nc3 c6 4. f4 Qa5 5. Bd3 e5 6. Nf3 Bg4 7. fxe5 dxe5 8.
dxe5 Nfd7 9. Bd2 Nxe5 10. Be2 Bxf3 11. gxf3 Be7 12. O-O Qc7 13. f4 Ng6 14. Be3
O-O 15. Qe1 Nd7 16. Bh5 Bc5 17. Bxg6 Bxe3+ 18. Qxe3 hxg6 19. Rad1 Qb6 20. Qxb6
Nxb6 21. Rd3 Rad8 22. Rfd1 Rxd3 23. cxd3 Rd8 24. Kf2 Kf8 25. d4 Ke7 26. d5 cxd5
27. exd5 Nc4 28. Re1+ Kf8 29. b3 Nd6 30. Kf3 Re8 31. Rxe8+ Kxe8 32. Ne4 Kd7 33.
Nxd6 Kxd6 34. Ke4 f6 35. b4 b6 36. Kd4 Kd7 37. b5 Kd6 38. Kc4 Kd7 39. a3 Kd6
40. h3 Kd7 41. Kd3 Kd6 42. Kd4 Kd7 43. Ke4 Kd6 44. h4 Kc5 45. f5 gxf5+ 46. Kxf5
Kxd5 47. h5 Kc4 48. Kg6 Kxb5 49. Kxg7 Ka4 50. Kxf6 Kxa3 51. h6 b5 52. h7 b4 53.
Kf5 b3 54. h8=Q b2 55. Qc3+ Ka2 56. Qc4+ Kb1 57. Ke4 a5 58. Kd3 Ka1 59. Qa4+
Kb1 60. Qxa5 Kc1 61. Qe1# {rbnn checkmated} 1-0

[Event "ICS rated blitz match"]
[Site "204.178.125.65"]
[Date "2001.07.28"]
[Round "?"]
[White "Hossa"]
[Black "Raver4Life"]
[Result "1-0"]
[WhiteElo "2553"]
[BlackElo "2227"]
[PlyCount "33"]
[EventDate "2001.??.??"]

1. d4 f5 2. Nf3 Nf6 3. g3 e6 4. Bg2 Be7 5. O-O O-O 6. c4 d5 7. cxd5 exd5 8. Nc3
c6 9. Ne5 Ne4 10. Qc2 Bd6 11. Bf4 Nd7 12. Bxe4 fxe4 13. Nxc6 Qf6 14. Nxd5 Qe6
15. Bxd6 Qxd6 16. Nce7+ Kh8 17. Qxe4 {Raver4Life resigns} 1-0

[Event "ICS rated blitz match"]
[Site "204.178.125.65"]
[Date "2001.07.28"]
[Round "?"]
[White "Raver4Life"]
[Black "Hossa"]
[Result "0-1"]
[WhiteElo "2223"]
[BlackElo "2557"]
[PlyCount "98"]
[EventDate "2001.??.??"]

1. e4 d5 2. exd5 Qxd5 3. Nc3 Qa5 4. d4 Nf6 5. Bc4 e6 6. Nf3 Ne4 7. Qd3 Nxc3 8.
bxc3 Bd6 9. O-O Qh5 10. Qe4 O-O 11. Bd3 Bd7 12. Ne5 Bc6 13. Qe2 Qxe2 14. Bxe2
Bxe5 15. dxe5 Nd7 16. f4 Rfd8 17. Bd3 Nc5 18. Rd1 Bb5 19. Rb1 Bxd3 20. cxd3
Rxd3 21. Rxd3 Nxd3 22. Be3 b6 23. a4 Rd8 24. a5 Rd5 25. axb6 axb6 26. Ra1 g5
27. Ra8+ Kg7 28. fxg5 c5 29. Bd2 Nxe5 30. Bf4 Nc4 31. h4 Rd1+ 32. Kh2 Rd3 33.
Bg3 Rxc3 34. Bf4 e5 35. Bg3 e4 36. Ra4 e3 37. Ra2 Ra3 38. Rc2 b5 39. Kh3 Ra8
40. Kg4 Re8 41. Kf4 e2 42. Be1 Kf8 43. Kf3 Re6 44. Kf2 Ke7 45. Rxe2 Rxe2+ 46.
Kxe2 Ke6 47. Kd3 Kd5 48. Kc3 Ne3 49. Bf2 Nd1+ {Raver4Life resigns} 0-1

[Event "ICS rated blitz match"]
[Site "204.178.125.65"]
[Date "2001.07.28"]
[Round "?"]
[White "Hossa"]
[Black "Raver4Life"]
[Result "1-0"]
[WhiteElo "2561"]
[BlackElo "2219"]
[PlyCount "51"]
[EventDate "2001.??.??"]

1. d4 f5 2. Bg5 c6 3. Nc3 d5 4. Nf3 Nf6 5. e3 Ne4 6. Nxe4 fxe4 7. Nd2 Qd6 8.
Be2 Bf5 9. c4 e6 10. O-O Nd7 11. f3 exf3 12. Rxf3 Be7 13. Bxe7 Qxe7 14. cxd5
cxd5 15. Rc1 O-O 16. Rc7 Rab8 17. Bb5 Rfd8 18. Qa4 a6 19. Bxd7 b5 20. Qa3 Qf7
21. Qd6 Qg6 22. Qxa6 Rf8 23. Rg3 Qf6 24. Bxb5 Qg6 25. Rxg6 Bxg6 26. Qxe6+ {
Raver4Life resigns} 1-0

[Event "ICS rated blitz match"]
[Site "204.178.125.65"]
[Date "2001.07.28"]
[Round "?"]
[White "Raver4Life"]
[Black "Hossa"]
[Result "0-1"]
[WhiteElo "2215"]
[BlackElo "2565"]
[PlyCount "32"]
[EventDate "2001.??.??"]

1. e4 d5 2. exd5 Nf6 3. c4 c6 4. d4 cxd5 5. Nc3 e6 6. Nf3 Bb4 7. Qb3 Nc6 8. Be3
O-O 9. Bd3 dxc4 10. Bxc4 Bd6 11. O-O Na5 12. Qa4 Nxc4 13. Qxc4 Bd7 14. Ne5 Rc8
15. Qd3 Bc6 16. Rac1 Bxe5 {Raver4Life resigns} 0-1

[Event "ICS rated blitz match"]
[Site "204.178.125.65"]
[Date "2001.07.28"]
[Round "?"]
[White "Hossa"]
[Black "Raver4Life"]
[Result "1-0"]
[WhiteElo "2569"]
[BlackElo "2211"]
[PlyCount "65"]
[EventDate "2001.??.??"]

1. d4 f5 2. Nf3 Nf6 3. d5 d6 4. e3 c6 5. c4 e5 6. dxe6 Bxe6 7. Nd4 Bd7 8. Bd3
Qc8 9. O-O Be7 10. Qf3 O-O 11. Nxf5 Bxf5 12. Bxf5 Nbd7 13. e4 Qd8 14. Nc3 Ne5
15. Qh3 g6 16. Be6+ Kh8 17. Bh6 Re8 18. f4 Ned7 19. f5 Nf8 20. Bf7 d5 21. fxg6
Bc5+ 22. Kh1 Nxg6 23. Bg5 Bd4 24. Bxf6+ Bxf6 25. Bxg6 Re7 26. Rxf6 Rg7 27. Raf1
Qg8 28. Bf7 Qd8 29. cxd5 cxd5 30. Nxd5 Qa5 31. Ne7 Rf8 32. Ng6+ Rxg6 33. Bxg6 {
Raver4Life resigns} 1-0

[Event "ICS rated blitz match"]
[Site "204.178.125.65"]
[Date "2001.07.28"]
[Round "?"]
[White "Raver4Life"]
[Black "Hossa"]
[Result "0-1"]
[WhiteElo "2207"]
[BlackElo "2573"]
[PlyCount "82"]
[EventDate "2001.??.??"]

1. e4 d5 2. e5 c5 3. d4 cxd4 4. Bd3 Nc6 5. Nf3 Bg4 6. O-O Bxf3 7. Qxf3 Nxe5 8.
Bb5+ Nc6 9. Re1 e6 10. Nd2 Nf6 11. Nb3 Bb4 12. Bg5 Bxe1 13. Rxe1 O-O 14. Qh3
Nb4 15. Nxd4 h6 16. Bxh6 gxh6 17. Qxh6 Nh7 18. Re3 Qf6 19. Qh5 Qxd4 20. Rg3+
Kh8 21. Rh3 Qg7 22. Rg3 Qxb2 23. Rh3 Qxc2 24. a3 Qb1+ 25. Bf1 Nc6 26. g3 Qg6
27. Qh4 e5 28. Qa4 Nd4 29. Qd1 Kg8 30. Bd3 e4 31. Bf1 Nf3+ 32. Kg2 Nhg5 33.
Qxd5 Nxh3 34. Kxh3 Qh6+ 35. Kg4 Nxh2+ 36. Kf5 Qh5+ 37. Kxe4 Rfe8+ 38. Kd4 Qd1+
39. Kc5 Rac8+ 40. Kd6 Rc6+ 41. Kd7 Qxd5+ {Raver4Life resigns} 0-1

[Event "ICS rated blitz match"]
[Site "204.178.125.65"]
[Date "2001.07.28"]
[Round "?"]
[White "Hossa"]
[Black "Raver4Life"]
[Result "1-0"]
[WhiteElo "2576"]
[BlackElo "2204"]
[PlyCount "39"]
[EventDate "2001.??.??"]

1. c4 e5 2. Nf3 e4 3. Nd4 Nc6 4. Nxc6 dxc6 5. Nc3 Nf6 6. d4 Bd6 7. Bg5 Bf5 8.
e3 O-O 9. Be2 h6 10. Bh4 Be7 11. g4 Bg6 12. Qc2 Nh7 13. Bxe7 Qxe7 14. h4 f5 15.
h5 Be8 16. gxf5 Rxf5 17. Nxe4 Ng5 18. Nxg5 Qxg5 19. f4 Qg3+ 20. Kd2 {
Raver4Life resigns} 1-0

[Event "ICS rated blitz match"]
[Site "204.178.125.65"]
[Date "2001.07.28"]
[Round "?"]
[White "Raver4Life"]
[Black "Hossa"]
[Result "1-0"]
[WhiteElo "2201"]
[BlackElo "2579"]
[PlyCount "119"]
[EventDate "2001.??.??"]

1. e4 d5 2. e5 c5 3. d4 cxd4 4. Bd3 Nc6 5. f4 g5 6. Nf3 gxf4 7. Bxf4 Bh6 8. Qd2
Qb6 9. O-O Qxb2 10. Bxh6 Nxh6 11. Qxh6 Qxa1 12. Qg7 Rf8 13. Ng5 h6 14. Nh7 Qxa2
15. Qxf8+ Kd7 16. Qxf7 Nxe5 17. Nf8+ Kd8 18. Ne6+ Kd7 19. Nc5+ Kd6 20. Qf4 Qa5
21. Nb3 Qd8 22. N1d2 Qg8 23. Nf3 Qg7 24. Re1 Bh3 25. g3 Rf8 26. Qxe5+ Qxe5 27.
Nxe5 Bf5 28. Bxf5 Rxf5 29. Nd3 e5 30. Rf1 Rxf1+ 31. Kxf1 b6 32. g4 a5 33. Nd2
e4 34. Nf4 Ke5 35. Ne2 d3 36. cxd3 exd3 37. Nc1 Kd4 38. h4 Ke3 39. g5 Kxd2 40.
Nxd3 hxg5 41. hxg5 Kxd3 42. g6 b5 43. g7 a4 44. g8=Q Kc4 45. Qa8 Kd4 46. Ke2
Kc5 47. Kd3 Kb4 48. Kd4 Ka3 49. Qxd5 b4 50. Qc5 Kb3 51. Qc4+ Ka3 52. Kd3 Kb2
53. Qxb4+ Kc1 54. Qxa4 Kb2 55. Qb4+ Kc1 56. Qa3+ Kb1 57. Qb3+ Ka1 58. Qb4 Ka2
59. Kc2 Ka1 60. Qb2# {Hossa checkmated} 1-0

[Event "ICS rated blitz match"]
[Site "204.178.125.65"]
[Date "2001.07.28"]
[Round "?"]
[White "Hossa"]
[Black "Raver4Life"]
[Result "1-0"]
[WhiteElo "2550"]
[BlackElo "2230"]
[PlyCount "57"]
[EventDate "2001.??.??"]

1. e4 e5 2. f4 Nc6 3. Nf3 f5 4. exf5 e4 5. Ne5 Nf6 6. Bc4 d5 7. Bb5 Qd6 8. d3
a6 9. Bxc6+ bxc6 10. Nc3 Bxf5 11. g4 Bc8 12. g5 Nd7 13. Nxd7 Qxd7 14. dxe4 Qh3
15. Qe2 Bg4 16. Qe3 Qg2 17. Rg1 Qf3 18. exd5+ Be7 19. Rf1 Qxe3+ 20. Bxe3 O-O
21. dxc6 Rab8 22. Nd5 Bd6 23. b3 Rbe8 24. Kd2 Rf5 25. c4 Rf7 26. Rae1 Be6 27.
Bd4 g6 28. Kc3 a5 29. c5 {Raver4Life resigns} 1-0

[Event "ICS rated blitz match"]
[Site "204.178.125.65"]
[Date "2001.07.28"]
[Round "?"]
[White "Raver4Life"]
[Black "Hossa"]
[Result "0-1"]
[WhiteElo "2226"]
[BlackElo "2554"]
[PlyCount "58"]
[EventDate "2001.??.??"]

1. e4 Nf6 2. e5 Nd5 3. Nc3 Nxc3 4. dxc3 Nc6 5. Nf3 g6 6. Bd3 Bg7 7. Qe2 O-O 8.
h4 d6 9. h5 Nxe5 10. Nxe5 dxe5 11. hxg6 hxg6 12. Bg5 Qd7 13. f3 Rd8 14. O-O-O
Qe6 15. Qe3 Qxa2 16. Bh6 Bf6 17. Bg5 Bf5 18. Bxf6 exf6 19. Qh6 Qa1+ 20. Kd2
Rxd3+ 21. cxd3 Qxb2+ 22. Ke3 Qb6+ 23. Ke2 Qb2+ 24. Rd2 Bxd3+ 25. Kxd3 Rd8+ 26.
Kc4 b5+ 27. Kc5 Qxc3+ 28. Kxb5 Rb8+ 29. Ka4 Qb4# {Raver4Life checkmated} 0-1

[Event "ICS rated blitz match"]
[Site "204.178.125.65"]
[Date "2001.07.28"]
[Round "?"]
[White "Hossa"]
[Black "Raver4Life"]
[Result "1-0"]
[WhiteElo "2558"]
[BlackElo "2222"]
[PlyCount "41"]
[EventDate "2001.??.??"]

1. e4 e5 2. f4 Nc6 3. Nf3 f5 4. exf5 e4 5. Ne5 Nf6 6. Bc4 d5 7. Bb5 Qd6 8. d3
Bxf5 9. g4 Bd7 10. Nxd7 Qxd7 11. g5 Ng4 12. h3 Nh6 13. gxh6 O-O-O 14. dxe4 Qe7
15. e5 Qh4+ 16. Kf1 Nxe5 17. fxe5 Kb8 18. Qg4 Qe7 19. Bg5 Qxe5 20. Bxd8 Bd6 21.
hxg7 {Raver4Life resigns} 1-0

[Event "ICS rated blitz match"]
[Site "204.178.125.65"]
[Date "2001.07.28"]
[Round "?"]
[White "Hossa"]
[Black "Raver4Life"]
[Result "1-0"]
[WhiteElo "2562"]
[BlackElo "2218"]
[PlyCount "57"]
[EventDate "2001.??.??"]

1. e4 e5 2. Nf3 Nc6 3. Bb5 f5 4. d3 Nf6 5. exf5 Bc5 6. Be3 Qe7 7. Nc3 O-O 8.
O-O d6 9. Bxc5 dxc5 10. Re1 Ng4 11. h3 Bxf5 12. hxg4 Bxg4 13. Bxc6 bxc6 14.
Rxe5 Qf6 15. Ne4 Qxe5 16. Nxe5 Bxd1 17. Rxd1 Rab8 18. Rb1 Rf5 19. Nxc6 Re8 20.
Nxa7 c4 21. Nc6 cxd3 22. cxd3 Rd5 23. Nb4 Rd4 24. a3 Rc8 25. Nc6 Rd7 26. Kf1
Kf7 27. Ne5+ Ke6 28. Nxd7 Kxd7 29. Ke2 {Raver4Life resigns} 1-0

[Event "ICS rated blitz match"]
[Site "204.178.125.65"]
[Date "2001.07.28"]
[Round "?"]
[White "Hossa"]
[Black "Raver4Life"]
[Result "1-0"]
[WhiteElo "2566"]
[BlackElo "2214"]
[PlyCount "33"]
[EventDate "2001.??.??"]

1. e4 e5 2. Nf3 Nc6 3. Bb5 f5 4. d3 Nf6 5. exf5 d6 6. d4 e4 7. Ng5 Bxf5 8. O-O
a6 9. Bxc6+ bxc6 10. f3 exf3 11. Qxf3 Bg4 12. Qxc6+ Bd7 13. Qf3 Be7 14. d5 O-O
15. Qd3 Rb8 16. Rxf6 h6 17. Qh7# {Raver4Life checkmated} 1-0

[Event "ICS rated blitz match"]
[Site "204.178.125.65"]
[Date "2001.07.28"]
[Round "?"]
[White "Raver4Life"]
[Black "Hossa"]
[Result "0-1"]
[WhiteElo "2210"]
[BlackElo "2570"]
[PlyCount "58"]
[EventDate "2001.??.??"]

1. e4 e5 2. f4 exf4 3. Nf3 g5 4. Bc4 g4 5. O-O gxf3 6. d4 d5 7. Bxd5 c6 8.
Bxf7+ Kxf7 9. Bxf4 Bg7 10. c3 fxg2 11. Qh5+ Ke7 12. Bg5+ Nf6 13. Rf2 Qe8 14.
Qh4 Qg6 15. e5 Rf8 16. Nd2 Bf5 17. Re1 Kd7 18. exf6 Bxf6 19. Bxf6 Rxf6 20. Nc4
Kc8 21. Re8+ Qxe8 22. Ne5 Qf8 23. Ng4 Re6 24. Ne5 Nd7 25. Qg5 Nxe5 26. Rxf5
Nf3+ 27. Rxf3 Qxf3 28. Qg8+ Kd7 29. Qg7+ Re7 {Raver4Life resigns} 0-1

[Event "ICS rated blitz match"]
[Site "204.178.125.65"]
[Date "2001.07.28"]
[Round "?"]
[White "Raver4Life"]
[Black "Hossa"]
[Result "0-1"]
[WhiteElo "2206"]
[BlackElo "2574"]
[PlyCount "44"]
[EventDate "2001.??.??"]

1. e4 e5 2. f4 exf4 3. Nf3 g5 4. Bc4 g4 5. O-O gxf3 6. Nc3 d5 7. Bxd5 c6 8.
Bxf7+ Kxf7 9. d4 Bg7 10. Qxf3 Bxd4+ 11. Kh1 Nf6 12. Bxf4 Ke8 13. e5 Ng4 14. Ne4
Bxe5 15. Rae1 Rf8 16. Qh3 Nf2+ 17. Nxf2 Bxh3 18. Rxe5+ Be6 19. Rxe6+ Kf7 20.
Rd6 Qe7 21. Nd3 Kg8 22. Re1 Rxf4 {Raver4Life resigns} 0-1

[Event "ICS rated blitz match"]
[Site "204.178.125.65"]
[Date "2001.07.28"]
[Round "?"]
[White "Raver4Life"]
[Black "Hossa"]
[Result "0-1"]
[WhiteElo "2203"]
[BlackElo "2577"]
[PlyCount "62"]
[EventDate "2001.??.??"]

1. e4 c6 2. d4 d5 3. f3 dxe4 4. fxe4 e5 5. Nf3 exd4 6. Bc4 b5 7. Bxf7+ Kxf7 8.
O-O Ke8 9. Ne5 Nf6 10. Bg5 Nbd7 11. Ng4 h5 12. Nxf6+ gxf6 13. Bh4 Be7 14. Nd2
Ne5 15. Nf3 Bg4 16. Qd2 Bxf3 17. gxf3 Rg8+ 18. Kh1 Qd7 19. Bg3 Nc4 20. Qh6 Qh3
21. Rg1 Kd7 22. Qf4 Bd6 23. Qf5+ Qxf5 24. exf5 Bxg3 25. hxg3 Nxb2 26. Rab1 Nc4
27. Rbd1 c5 28. c3 Ne3 29. Rd3 Nxf5 30. Kh2 c4 31. Rdd1 d3 {Raver4Life resigns}
0-1

[Event "ICS rated blitz match"]
[Site "204.178.125.65"]
[Date "2001.07.28"]
[Round "?"]
[White "Raver4Life"]
[Black "Hossa"]
[Result "0-1"]
[WhiteElo "2200"]
[BlackElo "2580"]
[PlyCount "64"]
[EventDate "2001.??.??"]

1. e4 e5 2. f4 exf4 3. Nf3 g5 4. Bc4 g4 5. O-O gxf3 6. d4 d5 7. Bxd5 c6 8.
Bxf7+ Kxf7 9. Qxf3 Qxd4+ 10. Be3 Qg7 11. Bxf4 Bg4 12. Qb3+ Ke8 13. Nc3 Na6 14.
Be5 Bc5+ 15. Kh1 Qxe5 16. Qxb7 Nc7 17. Qxc6+ Bd7 18. Qb7 Bd6 19. g3 Ne7 20.
Rae1 Bc6 21. Qb3 Qe6 22. Nd5 Ncxd5 23. Qc4 Rg8 24. Re2 Nf4 25. Qxe6 Nxe6 26.
Rf6 Rg6 27. Rf1 Nd4 28. Re3 Nxc2 29. Re2 Bb5 30. Rxc2 Bxf1 31. Kg1 Bd3 32. Rd2
Bc5+ {Raver4Life resigns} 0-1

[Event "ICS rated blitz match"]
[Site "204.178.125.65"]
[Date "2001.07.28"]
[Round "?"]
[White "Hossa"]
[Black "CrazyHorses"]
[Result "1-0"]
[WhiteElo "2583"]
[BlackElo "2230"]
[PlyCount "79"]
[EventDate "2001.??.??"]

1. e4 c5 2. Nf3 d6 3. d4 cxd4 4. Nxd4 Nf6 5. Nc3 a6 6. Be2 e5 7. Nb3 Be7 8. Bg5
Be6 9. f4 Qc7 10. f5 Bc4 11. Bxc4 Qxc4 12. Bxf6 Bxf6 13. Qxd6 Nc6 14. O-O-O Rd8
15. Qc7 O-O 16. Rxd8 Rxd8 17. Kb1 h6 18. Qxb7 Nd4 19. Nxd4 exd4 20. Nd5 d3 21.
cxd3 Qxd3+ 22. Ka1 Bd4 23. g4 Kh8 24. Qc7 Bf6 25. Nxf6 gxf6 26. Rc1 Kg7 27. e5
Qd4 28. e6 Rf8 29. Qd7 Qxd7 30. exd7 Rd8 31. Rd1 Kf8 32. Rd6 Ke7 33. Rxa6 Rxd7
34. Kb1 Rd2 35. Ra7+ Ke8 36. h4 Rg2 37. Ra4 Rh2 38. h5 Kd7 39. Rd4+ Ke7 40. a4
{CrazyHorses resigns} 1-0

[Event "ICS rated blitz match"]
[Site "204.178.125.65"]
[Date "2001.07.28"]
[Round "?"]
[White "Okeydokey"]
[Black "Hossa"]
[Result "0-1"]
[WhiteElo "2122"]
[BlackElo "2587"]
[PlyCount "38"]
[EventDate "2001.??.??"]

1. d3 d5 2. g3 e5 3. Bg2 c6 4. f3 Bc5 5. Nh3 Nf6 6. e3 O-O 7. O-O Na6 8. Nf2
Be6 9. c3 Qd6 10. d4 Bb6 11. Kh1 Rfe8 12. b3 exd4 13. exd4 Bf5 14. Bf4 Qe7 15.
Nd2 Nh5 16. Be5 f6 17. Bf4 Nxf4 18. gxf4 Qe3 19. Qc1 Qxf4 {Okeydokey resigns}
0-1

[Event "ICS rated blitz match"]
[Site "204.178.125.65"]
[Date "2001.07.28"]
[Round "?"]
[White "monsoon"]
[Black "Hossa"]
[Result "1/2-1/2"]
[WhiteElo "2661"]
[BlackElo "2589"]
[PlyCount "128"]
[EventDate "2001.??.??"]

1. d4 Nf6 2. c4 e6 3. Nc3 Bb4 4. Qc2 d5 5. cxd5 Qxd5 6. Nf3 Qf5 7. Qxf5 exf5 8.
Bd2 O-O 9. e3 f4 10. Bd3 fxe3 11. fxe3 Nc6 12. O-O Bg4 13. Ng5 Rfe8 14. Rae1 a6
15. h3 Bh5 16. a3 h6 17. Nf3 Bxf3 18. Rxf3 Bxc3 19. Bxc3 Kf8 20. Ref1 Rad8 21.
g4 Rd7 22. Bf5 Rde7 23. e4 Rd8 24. e5 Nd5 25. h4 Ke8 26. g5 g6 27. Bd3 hxg5 28.
hxg5 Kd7 29. Rxf7 Rxf7 30. Rxf7+ Ke6 31. Rf3 Nce7 32. Bc4 Nf5 33. Rh3 Nfe7 34.
Rh7 b5 35. Bb3 Kf5 36. Rf7+ Kxg5 37. Bd2+ Kh4 38. Rh7+ Kg4 39. Rg7 Kf5 40. Bc2+
Ke6 41. Bg5 Re8 42. Bb1 c6 43. Bxe7 Nxe7 44. Bxg6 Rf8 45. Bh5 Kd7 46. Bg4+ Kd8
47. Be6 Rf3 48. Rg4 Rd3 49. Kf1 Rd2 50. b3 Ra2 51. Rh4 Rxa3 52. Rh8+ Kc7 53.
Rh7 Kd8 54. Rh8+ Kc7 55. Kf2 a5 56. Rh7 Kd8 57. Rh3 a4 58. Rh8+ Kc7 59. Rh7 Kd8
60. b4 Rd3 61. Rh8+ Kc7 62. Rh7 Kd8 63. Rh8+ Kc7 64. Rh7 Kd8 {
Game drawn by repetition} 1/2-1/2

[Event "ICS rated blitz match"]
[Site "204.178.125.65"]
[Date "2001.07.28"]
[Round "?"]
[White "perucho"]
[Black "Hossa"]
[Result "1-0"]
[WhiteElo "2881"]
[BlackElo "2592"]
[PlyCount "92"]
[EventDate "2001.??.??"]

1. d4 Nf6 2. Bg5 d6 3. Bxf6 exf6 4. e3 Be7 5. c4 c5 6. Nc3 cxd4 7. exd4 Nc6 8.
Bd3 Nxd4 9. Bxh7 Qb6 10. Nd5 Qxb2 11. Rb1 Qxa2 12. Qxd4 Qa5+ 13. Kf1 Kf8 14.
Ra1 Qd8 15. Bd3 a6 16. Rb1 Rh6 17. Nf3 Kg8 18. h3 f5 19. Qe3 Bf8 20. Qb6 Qd7
21. Nd4 f4 22. Nf5 Rh5 23. Qd4 Rxf5 24. Nb6 Qd8 25. Nxa8 f3 26. g4 Re5 27. Be4
b5 28. cxb5 axb5 29. Bxf3 Be6 30. Nb6 Rc5 31. Nd5 Qg5 32. Rd1 Qh4 33. Kg2 Rc4
34. Qd3 Ra4 35. Rd2 Ra5 36. Rb1 Bd7 37. Rc2 Ra4 38. Nb6 Ra7 39. Nxd7 Rxd7 40.
Rxb5 g6 41. Rb8 Kg7 42. Rcc8 Be7 43. Rg8+ Kh6 44. Rh8+ Kg5 45. Qd2+ Kf6 46.
Qd4+ Kg5 {Hossa resigns} 1-0

[Event "ICS rated blitz match"]
[Site "204.178.125.65"]
[Date "2001.07.28"]
[Round "?"]
[White "Hossa"]
[Black "perucho"]
[Result "0-1"]
[WhiteElo "2587"]
[BlackElo "2886"]
[PlyCount "99"]
[EventDate "2001.??.??"]

1. d4 e6 2. e4 d5 3. Nc3 dxe4 4. Nxe4 Nd7 5. Bd3 Ngf6 6. Nxf6+ Qxf6 7. Nf3 h6
8. Qe2 Bd6 9. Bd2 a6 10. g4 Bf4 11. O-O-O Nb6 12. Be4 O-O 13. h4 Bxd2+ 14. Rxd2
a5 15. g5 Qf4 16. Ne5 Rd8 17. Kb1 Nd7 18. Nd3 Qd6 19. gxh6 Nf6 20. Nc5 Qf4 21.
hxg7 Kxg7 22. Rd3 Nxe4 23. Nxe4 b6 24. Rg1+ Kf8 25. Rg4 Qf5 26. Ng3 Qf6 27. Rf3
Qh6 28. Qe5 Rd5 29. Qxc7 Bd7 30. Rgf4 Rc8 31. Qxb6 Qg6 32. Re4 Ke8 33. Qa7 Ba4
34. b3 Bc6 35. Qa6 Rc7 36. Qb6 Kd8 37. Rc3 Kd7 38. Rf4 a4 39. h5 Qg8 40. Rc5 f5
41. Rxd5+ Bxd5 42. c4 axb3 43. axb3 Rb7 44. Qa6 Qb8 45. cxd5 Rxb3+ 46. Kc2 Rb2+
47. Kc1 Rb1+ 48. Kd2 Qxf4+ 49. Kc3 Rc1+ 50. Kb2 {Hossa resigns} 0-1